Tadeusz Dobrowolski 1899-1984

Bibliographic Details
Main Author: Szaraniec, Lech (Author)
Format: Book
Language:Polish
PhysicalDescription:28 s. 25 cm
Published: Katowice Muzeum Śląskie [1984]
Subjects:

MARC

LEADER 00000nam a2200000 a 4500
001 vtls001218696
003 SK-MaSNL
005 20260301194759.0
008 240318s1984 PL a b 0 pol
020 |c [30,00] 
035 |a SNK000162467 
040 |a SNK  |b slo  |c SNK  |e AACR2 
044 |a PL 
080 |a 929 Dobrowolski, T. W.  |2 1981 
100 1 |a Szaraniec, Lech  |4 aut  |9 575850 
245 1 0 |a Tadeusz Dobrowolski 1899-1984  |c [autor katalogu Lech Szaraniec] 
260 |a Katowice  |b Muzeum Śląskie  |c [1984] 
300 |a 28 s.  |c 25 cm 
600 1 |a Dobrowolski, Tadeusz,  |d 1899-1984  |2 SNK  |9 575851 
958 |a OND 
999 |c 883115  |d 885045 
952 |t P60, <04>, [BOOK], {604}  |a SNK  |b SNK  |y VYP  |7 0  |p 17A0005379  |o snkOIC 6388  |i snkV 1130/96  |0 0  |1 0  |4 0  |d 1996-07-30  |l 0  |r 2005-01-01 00:00:00  |w 2026-02-24